000 00486nam a2200193Ia 4500
003 GCL
008 140319s9999 xx 000 0 eng d
040 _aGCL /
_cGCL
082 0 4 _a751.45
_bS C
100 1 _aSTRISIK, PAUL
245 1 0 _aCAPTURING LIGHT IN OILS /
_cSTRISIK, PAUL
260 _a[S.N] :
_bNORTH LIGHT BOOKS ،
_c1995
300 _a135 P
650 0 4 _aARTS
650 0 4 _aOIL - PAINTING
650 0 4 _aPAINTING - TECHNIQUE
650 0 4 _aLIGHT IN ART
942 _2ddc
_cBK
999 _c15672
_d15672